Draughtmanship : drawing techniques for graphic communication in architecture and building

Bibliographic Details
Main Author: Reekie, Fraser
Format: Book
Published: London : Edward Arnold Ltd , 1976
Edition:3rd. ed.
Subjects:

MARC

LEADER 00000cam a2200000 7i4500
001 0000008842
005 20220328.0
020 |a 0713133686 
040 |a INS 
090 0 0 |a T353   |b R32 1976 
100 1 |a Reekie, Fraser 
245 1 0 |a Draughtmanship :   |b drawing techniques for graphic communication in architecture and building   |c Fraser Reekie 
250 |a 3rd. ed. 
260 |a London :   |b Edward Arnold Ltd ,   |c 1976 
300 |a 250p. ;   |c 20cm. 
500 |a Includes index 
650 0 |a Mechanical drawing 
650 0 0 |a Architectural drawing 
650 0 0 |a Building   |x Tools and implements   |x Drawing 
999 |a 0000022740   |b BOOK   |c Open Shelf   |e Default branch